00667nam a2200145 a 4500020004200000020003000042040000800072082002600080100001800106245006900124250004500193260004500238300005700283520018100340 a0028221583 (teacher's wraparound ed.) a0028221540 (student text) cDLC00a973 GLE 1999 A101 Or.1 aNash, Gary B.10aAmerican odyssey :bthe United States in the twentieth century / aTeacher's wraparound ed., multimedia ed. aNew York :bGlencoe/McGraw-Hill,cc1999. a53, 1010 p. :bill. (some col.), col. maps ;c30 cm. aA history of the United States in the twentieth century, featuring sociological and cultural events, as well as strictly historical, and using many pertinent literary excerpts.